| 000 | 01225cam a2200313 a 4500 | ||
|---|---|---|---|
| 001 | 15030398 | ||
| 003 | ARRUPE | ||
| 005 | 20131219132932.0 | ||
| 008 | 071002s2008 njuab 001 0 eng | ||
| 010 | _a 2007040965 | ||
| 020 | _a9780691135021 (alk. paper) | ||
| 040 |
_aDLC _cDLC _dDLC |
||
| 043 | _ae------ | ||
| 050 | 0 | 0 |
_aBR735 _b.S67 2008 |
| 082 | 0 | 0 |
_a274/.07 _222 |
| 100 | 1 |
_aSorkin, David Jan. _96002 |
|
| 245 | 1 | 4 |
_aThe religious Enlightenment : _bProtestants, Jews, and Catholics from London to Vienna / _cDavid Sorkin. |
| 260 |
_aPrinceton : _bPrinceton University Press, _c2008. |
||
| 300 |
_axv, 339 p. : _bill, maps ; _c24 cm. |
||
| 490 | 0 | _aJews, Christians, and Muslims from the ancient to the modern world | |
| 500 | _aIncludes index. | ||
| 650 | 0 |
_aEnlightenment _zEurope. _96003 |
|
| 651 | 0 |
_aEurope _xChurch history _y17th century. _96004 |
|
| 651 | 0 |
_aEurope _xChurch history _y18th century. _96005 |
|
| 856 | 4 | 1 |
_3Table of contents only _uhttp://www.loc.gov/catdir/toc/ecip082/2007040965.html |
| 906 |
_a7 _bcbc _corignew _d1 _eecip _f20 _gy-gencatlg |
||
| 942 |
_2lcc _cMONOGRAPH |
||
| 999 |
_c119365 _d119365 |
||